000 00944nam a22002537a 4500
005 20170124105924.0
010 _aA-953310
020 _c00.00
_a0195647661
035 _aA-953310
037 _bCen Lib/Ret
040 _aDPL
_bEN
082 _a320.54
_bCHA
100 _aChatterjee, Partha
_95695
245 _aA possible India :
_cby Partha Chatterjee
_bessays in political criticism /
260 _aDelhi
_bOxford University Press
_c1997
270 _aYMCA Library Building, Jai Singh Road
_bDelhi
_e110001
300 _axii,290p.
_c21cm(Hb)
500 _aIncludes index
650 _aCriticism-Political aspects
_zIndia
_95696
650 _aCriticise-Political activity
_zIndia
_95697
650 _aआलोचना-राजनीतिक पहलुओं
_zभारत
_95698
650 _aगतिविधि-राजनीतिक आलोचना
_zभारत
_95699
942 _2ddc
_cEN
_h320.54
_mCHA
999 _c123378
_d123378